000 01323nam a2200325 a 4500
001 ebr5005077
003 CaPaEBR
006 m u
007 cr cn|||||||||
008 990217s1999 ctua sb 001 0 eng
010 _z 99010137
020 _z0313303134 (alk. paper)
040 _aCaPaEBR
_cCaPaEBR
035 _a(OCoLC)52315179
050 1 4 _aDT61
_b.B685 1999eb
082 0 4 _a932
_221
100 1 _aBrier, Bob.
245 1 0 _aDaily life of the ancient Egyptians
_h[electronic resource] /
_cBob Brier and Hoyt Hobbs.
260 _aWestport, Conn. :
_bGreenwood Press,
_c1999.
300 _axiv, 253 p. :
_bill.
490 1 _aThe Greenwood Press "Daily life through history" series,
_x1080-4749
504 _aIncludes bibliographical references (p. [243]-248) and index.
533 _aElectronic reproduction.
_bPalo Alto, Calif. :
_cebrary,
_d2013.
_nAvailable via World Wide Web.
_nAccess may be limited to ebrary affiliated libraries.
651 0 _aEgypt
_xSocial life and customs
_yTo 332 B.C.
655 7 _aElectronic books.
_2local
700 1 _aHobbs, A. Hoyt.
710 2 _aebrary, Inc.
830 0 _aGreenwood Press "Daily life through history" series.
856 4 0 _uhttp://site.ebrary.com/lib/rucke/Doc?id=5005077
_zAn electronic book accessible through the World Wide Web; click to view
999 _c16527
_d16527